000 00554nam a22001817a 4500
003 UA-OsUOA
001 18781
007 ta
008 20040612b un ||||| |||| 00| 0 ukr d
100 _aБереза С.
942 _cSA
040 _aUA-OsUOA
_cUA-OsUOA
_dUA-OsUOA
245 _aВід зневіри до оптимізму - один крок
_b[Про ВАТ "Рівнеазот"]
300 _aС.5
955 _a0
773 0 _w0
_tСім днів
_dРівне
_d2004
_g№22/28 трав./
650 7 _aКраєзнавча робота
_2UDC
999 _c304952
_d304952